| 000 | 01122nam a2200289 a 4500 | ||
|---|---|---|---|
| 001 | 000021117 | ||
| 005 | 20200930011235.0 | ||
| 008 | 100831s2003 dr ab r 000 0 spa d | ||
| 020 | _a0974623636 | ||
| 040 |
_aDO-SdBNP _bspa _cBNPHU |
||
| 082 |
_a970.015 _bR666t |
||
| 100 | 1 |
_aRobiou Lamarche, Sebastián _99669 |
|
| 245 | 1 | 0 |
_aTaínos y Caribes : _blas culturas aborígenes antillanas / _cSebastián Robiou Lamarche ; prólogo Ricardo E. Alegría. |
| 260 |
_aSan Juan : _bPunto y Coma, _c2003. |
||
| 300 |
_a288 p. : _bil., maps. ; _c23 cm. |
||
| 500 | _aLa biblioteca posee la reimpresión del 2009 | ||
| 504 | _aBibliografía : p. 259-288 | ||
| 590 | _aInventariado, 2018/BT | ||
| 650 | 4 |
_aIndigenas de las antillas _xHistoria _944150 |
|
| 650 | 4 |
_aTaínos _xVida social y costumbres _944131 |
|
| 650 | 4 |
_aCaribes _xVida social y costumbres _944151 |
|
| 650 | 4 |
_aTaínos _xReligión y mitología _944152 |
|
| 650 | 4 |
_aCaribes _xReligión y mitología _944153 |
|
| 650 | 4 |
_aIndigenas de las antillas _xLeyendas _944154 |
|
| 700 | 1 | 2 |
_aAlegría, Ricardo E., _epról. _916236 |
| 910 | _aValidado. Control de calidad. MFF | ||
| 999 |
_c20619 _d20619 |
||